000 00354cam a22000977a 4500
008 180718b-- xxu||||| |||| 00| 0 eng d
082 _aG1x54 In2/1952-84
245 _aMembers of Lok Sabha 1952-84: a study in their socio-economic background
_cby Lok Sabha Secretariat
260 _aNew Delhi
_bLok Sabha Secretariat
_c--
700 _aIndia. Lok Sabha Secretariat
999 _c490717
_d490717